00347nam a2200145Ia 4500008004100000020001800041041000800059082001600067100001500083245003000098250000600128260003900134300001900173650000900192210716s2009 xx 000 0 und d a9788131728857 aeng a657.45 BASS aBasu, S K. aFundamentals of auditing. a1 aNew DelhibPearson Educationc2009 axiii,15.14,i.4 aNone